LEADER 01374nam a2200301 u 4500 001 000000086207 003 CaOOAMICUS 005 20070226124255.0 008 050927m19581959it u000 u ita u 035 $a11060134 040 $aPUL(R)$bita 041 1 $aita$alat 100 1 $aPlinius Caecilius Secundus, Gaius,$d61-114.$0(OLS)http://pul/name/4558 240 10$aEpistulae$9(Plinius Caecilius Secundus, Gaius, 61-114).$lItaliano e latino.$0(OLS)http://pul/title/78119 245 10$aLettere ai familiari /$cPlinio il Giovine ; testo latino e versione di Guido Vitali. 260 $aBologna :$bZanichelli,$c1958-1959. 300 $a2 v. ;$c19 cm 490 1 $aProsatori di Roma 700 1 $aVitali, Guido.$0(OLS)http://pul/name/11847 830 0$aProsatori di Roma.$0(OLS)http://pul/title/7673 850 $aPUL 852 $aPUL$W1$xDP1 Fondo Cecchetti$y53$m293 E 21-22$j109464$nBK-PRI$b $qFondi$B109464$CPULBib$Z2$F109464 $HPUL3360-3361 $81 852 $aPUL$W1$xDP1 Fondo Cecchetti$y53$m293 E 21-22$j109464$nBK-PRI$b $qFondi$B109465$CPULBib$Z2$F109465 $HPUL3360-3361 $81 900 $aPlinius Minor,$d61-114$94558 900 $aPlinio il Giovane,$d61-114$94558 941 1 $a1 996 $6245$aLettere ai familiari$9(OLS)http://pul/title/111746 996 $6260$aBologna :$bZanichelli$9(OLS)http://pul/publisher/48255 LEADER 01464nam a2200313 u 4500 001 000000104656 003 CaOOAMICUS 005 20080711122310.0 008 070420s2003 it u000 u ita u 020 $a88-311-9370-8 040 $aPUL$bita$dLDB 041 1 $aita$heng 130 00$aAncient Christian Commentary on scripture, Old Testament I, Genesis I-II$lItaliano.$0(OLS)http://pul/title/131630 245 10$aGenesi 1-11 /$ca cura di Andrew Louth con la collaborazione di Marco Conti ; introduzione generale di A. Di Berardino. 260 $aRoma :$bCittà Nuova,$c2003. 300 $a245 p. ;$c26 cm 490 1 $aLa Bibbia commentata dai Padri.$aAntico Testamento ;$v1/1 500 $aComprende indice. 630 04$aBiblia.$pV.T.$pGenesis$xCommenti.$0(OLS)http://pul/subject/637 700 1 $aConti, Marco.$0(OLS)http://pul/name/34384 700 1 $aLouth, Andrew.$0(OLS)http://pul/name/39997 700 1 $aDi Berardino, Angelo,$cO.S.A.,$d1936-$0(OLS)http://pul/name/5303 830 3$aLa Bibbia commentata dai Padri.$pAntico Testamento ;$v1/1.$0(OLS)http://pul/title/104365 850 $aPUL 852 $aPUL$W1$xSL Religione 3$y85$m220. 705 COLL 1.1,1$j117159$qDDC 21$B117145$CPULBib$Z2$F117145 $H100538 $81 941 1 $a9 996 $6020$a88-311-9370-8$9(OLS)http://pul/number/134075 996 $6245$aGenesi 1-11$9(OLS)http://pul/title/67776 996 $6260$aRoma :$bCittà Nuova$9(OLS)http://pul/publisher/47927